[Event "Kragero Resort Chess 2018"]
[Site "Kragerø Resort"]
[Date "2018.02.24"]
[Round "6"]
[White "Lindbøl, Aleksander"]
[Black "Nesse, David"]
[Result "1-0"]
[WhiteElo "2218"]
[BlackElo "1701"]
[PlyCount "84"]
[EventDate "2018.??.??"]

1. c4 c5 2. Nc3 Nc6 3. g3 g6 4. Bg2 Bg7 5. Nf3 e6 6. d4 Nxd4 7. Nxd4 cxd4 8.
Nb5 d5 9. Nxd4 dxc4 10. e3 e5 11. Nb5 Qxd1+ 12. Kxd1 Bg4+ 13. Ke1 O-O-O 14. Bd2
a6 15. Nc3 Ne7 16. Rc1 b5 17. a4 Bd7 18. axb5 axb5 19. b3 b4 20. Na2 Bc6 21.
Rxc4 Kb7 22. Rxc6 Nxc6 23. Nxb4 Rd6 24. Nxc6 Rxc6 25. Ke2 f5 26. Bxc6+ Kxc6 27.
Rc1+ Kb5 28. Rc7 Bf8 29. Rc8 Bg7 30. Rxh8 Bxh8 31. Bc3 Kc5 32. f4 Kd5 33. Bxe5
Bxe5 34. fxe5 Kxe5 35. Kf3 g5 36. g4 fxg4+ 37. Kxg4 Ke4 38. b4 Kxe3 39. b5 Kf2
40. b6 Kg2 41. b7 Kxh2 42. b8=Q+ Kg2
1-0

[Event "Kragero Resort Chess 2018"]
[Site "Kragerø Resort"]
[Date "2018.02.24"]
[Round "9"]
[White "Hammer, Jon Ludvig"]
[Black "Lie, Espen"]
[Result "1-0"]
[WhiteElo "2622"]
[BlackElo "2473"]
[PlyCount "126"]
[EventDate "2018.??.??"]

1. g3 e5 2. d3 d5 3. Nf3 Nc6 4. Bg2 Nf6 5. O-O Be7 6. Bg5 h6 7. Bxf6 Bxf6 8.
Nc3 O-O 9. e4 dxe4 10. dxe4 Ne7 11. Qxd8 Rxd8 12. Rfd1 Be6 13. Nb5 Rdc8 14. Ne1
g5 15. Nd3 b6 16. a4 Nc6 17. Nc3 Nd4 18. Nd5 Kg7 19. c3 Nb3 20. Rab1 Rab8 21.
Bf3 Nc5 22. Nxc5 bxc5 23. Be2 Rd8 24. Nxc7 Ba2 25. Ra1 Rxb2 26. Bb5 Rdd2 27.
Rxd2 Rxd2 28. Bc6 Bd8 29. Bd5 c4 30. Ne8+ Kf8 31. Nd6 Bb6 32. Rf1 h5 33. Bxc4
Rxd6 34. Bxa2 Rd2 35. Bb3 Ke7 36. Kg2 Kf6 37. h3 Kg6 38. Bd1 Kh6 39. Bb3 Kg7
40. Bc4 Kg6 41. Bb3 Bc5 42. g4 h4 43. Bc4 Rc2 44. Bb5 Kg7 45. Bd3 Rxc3 46. Rd1
Ra3 47. Bc2 Ra2 48. Rd2 Bd4 49. Re2 Kf8 50. Bd1 Ra1 51. Bb3 Ra3 52. Bd1 Ke7 53.
Rd2 Kd6 54. Re2 Kc5 55. Rc2+ Bc3 56. Re2 Kb4 57. Re3 Ra2 58. Re2 Bd2 59. f3 Kc3
60. Rf2 a5 61. Kf1 Ra1 62. Ke2 Bf4 63. Rg2 Bg3
1-0

[Event "Kragero Resort Chess 2018"]
[Site "Kragerø Resort"]
[Date "2018.02.24"]
[Round "7"]
[White "Haug, Johannes"]
[Black "Chatalbashev, Boris"]
[Result "0-1"]
[WhiteElo "2355"]
[BlackElo "2571"]
[PlyCount "72"]
[EventDate "2018.??.??"]

1. d4 Nf6 2. c4 c5 3. d5 e6 4. Nc3 exd5 5. cxd5 d6 6. Nf3 g6 7. Bf4 Bg7 8. Qa4+
Bd7 9. Qb3 Qc7 10. h3 O-O 11. e3 Na6 12. Nd2 b5 13. Bxb5 Rab8 14. a4 Nb4 15.
O-O Nd3 16. Qc2 Nxf4 17. exf4 Nh5 18. Bxd7 Qxd7 19. f5 Rb4 20. fxg6 fxg6 21.
Rae1 Nf4 22. Re3 Qb7 23. Nf3 Rxb2 24. Qc1 Bxc3 25. Qxc3 Ne2+ 26. Rxe2 Rxe2 27.
Qd3 Qb2 28. Qa6 Rc2 29. Qxd6 Rc1 30. Qe6+ Kh8 31. Qe7 Rxf1+ 32. Kxf1 Qf6 33.
Qxc5 Qa1+ 34. Ne1 Re8 35. Qb4 Qd1 36. d6 Qe2+
0-1

[Event "Kragero Resort Chess 2018"]
[Site "Kragerø Resort"]
[Date "2018.02.24"]
[Round "7"]
[White "Kveinys, Aloyzas"]
[Black "Lie, Espen"]
[Result "1/2-1/2"]
[WhiteElo "2550"]
[BlackElo "2473"]
[PlyCount "33"]
[EventDate "2018.??.??"]

1. Nf3 Nf6 2. c4 g6 3. g3 Bg7 4. Bg2 O-O 5. d4 d6 6. O-O Nc6 7. Nc3 a6 8. Bf4
Rb8 9. c5 Nh5 10. Be3 d5 11. Qd2 Nf6 12. Rad1 Bf5 13. Nh4 Be6 14. Bh6 Qd7 15.
Bxg7 Kxg7 16. Nf3 Rfd8 17. Qf4
1/2-1/2

[Event "Kragero Resort Chess 2018"]
[Site "Kragerø Resort"]
[Date "2018.02.24"]
[Round "7"]
[White "Genocchio, Daniele"]
[Black "Hillarp Persson, Tiger"]
[Result "1/2-1/2"]
[WhiteElo "2385"]
[BlackElo "2543"]
[PlyCount "89"]
[EventDate "2018.??.??"]

1. e4 g6 2. d4 Bg7 3. c4 d6 4. Nc3 Nf6 5. Be2 O-O 6. Bg5 Na6 7. Qd2 e5 8. d5 c6
9. O-O-O Nc5 10. f3 cxd5 11. Nxd5 Ne6 12. Be3 Nd4 13. Bd3 b5 14. Kb1 Be6 15.
Nxf6+ Bxf6 16. cxb5 a6 17. bxa6 Qb6 18. Ne2 Rxa6 19. Bxa6 Qxa6 20. Nc1 Ra8 21.
b3 Bxb3 22. Nxb3 Nxb3 23. Qc2 Nd4 24. Bxd4 exd4 25. Rd3 Rc8 26. Qb3 Rc5 27. Ka1
Rb5 28. Qc2 Rc5 29. Qb3 Qc6 30. Rb1 Rc1 31. Rxc1 Qxc1+ 32. Qb1 Qc4 33. Qb3 Qc1+
34. Qb1 Qc4 35. Qd1 h5 36. Kb1 d5 37. Qb3 Qc7 38. exd5 Qxh2 39. Qc2 Qe5 40. Qb3
Qe2 41. Qc2 Qe5 42. Qb3 Qe2 43. Qc2 Qe5 44. Qc4 Qe2 45. Qc2
1/2-1/2

[Event "Kragero Resort Chess 2018"]
[Site "Kragerø Resort"]
[Date "2018.02.24"]
[Round "7"]
[White "Kantans, Toms"]
[Black "Christiansen, Johan-Sebastian"]
[Result "1/2-1/2"]
[WhiteElo "2487"]
[BlackElo "2498"]
[PlyCount "89"]
[EventDate "2018.??.??"]

1. e4 e6 2. d4 d5 3. Nd2 Be7 4. e5 c5 5. Qg4 Kf8 6. Ndf3 Nc6 7. Bd3 Qa5+ 8. Bd2
Qb6 9. b3 f5 10. Qf4 Nh6 11. Ne2 Nf7 12. dxc5 Qc7 13. h4 Ncxe5 14. Nxe5 Qxe5
15. Qxe5 Nxe5 16. b4 a5 17. bxa5 Bxc5 18. Rb1 Nc6 19. Rb5 Be7 20. f4 Bd8 21. c4
dxc4 22. Bxc4 Bxa5 23. Rh3 Bxd2+ 24. Kxd2 Ke7 25. Re3 Rd8+ 26. Kc3 Kf6 27. Rb6
Ra4 28. Nc1 Rd6 29. Rd3 Ke7 30. Rxd6 Kxd6 31. Nd3 Kc7 32. Rb1 Ra5 33. Re1 Kd6
34. Rd1 Ke7 35. Re1 Kf6 36. Nb4 Nxb4 37. Kxb4 b6 38. Rd1 Ke7 39. Re1 Bd7 40. g3
Ra4+ 41. Kc3 Ra3+ 42. Bb3 Ra5 43. Bc4 Ra3+ 44. Bb3 Ra5 45. Bc4
1/2-1/2

[Event "Kragero Resort Chess 2018"]
[Site "Kragerø Resort"]
[Date "2018.02.24"]
[Round "7"]
[White "Røyset, Pål"]
[Black "Houska, Jovanka"]
[Result "0-1"]
[WhiteElo "2285"]
[BlackElo "2408"]
[PlyCount "112"]
[EventDate "2018.??.??"]

1. e4 c6 2. Nf3 d5 3. Nc3 Bg4 4. h3 Bxf3 5. Qxf3 e6 6. d3 Nf6 7. Bd2 Qb6 8.
O-O-O d4 9. Ne2 c5 10. e5 Nd5 11. g4 Nd7 12. Qe4 Nb4 13. Bxb4 Qxb4 14. Bg2
O-O-O 15. f4 Be7 16. f5 Bg5+ 17. Kb1 Rhe8 18. Ng3 Bh4 19. Nh5 exf5 20. gxf5 Bg5
21. Qg4 Bh6 22. e6 Ne5 23. Qe4 c4 24. a3 Qb5 25. Rhe1 Nc6 26. dxc4 Qxc4 27. Ng3
Kb8 28. Rd3 fxe6 29. Rb3 Rd6 30. Qg4 e5 31. Bf1 Qf7 32. Ne4 Rdd8 33. Nc5 Re7
34. Bg2 Qc4 35. Ne6 Rc8 36. Rc3 Qb5 37. Rb3 Qa5 38. Rd1 a6 39. Qh4 Ree8 40. Qh5
e4 41. Qg4 g6 42. Bxe4 gxf5 43. Bxf5 Qe5 44. Rf1 Be3 45. h4 Na5 46. Rb4 Nc4 47.
Qg2 Re7 48. Rxc4 Rxc4 49. Qg8+ Rc8 50. Qg4 h5 51. Qg6 Ka7 52. Ng5 Rf8 53. Bd3
Rxf1+ 54. Bxf1 Bxg5 55. Qxg5 Qxg5 56. hxg5 Re1+
0-1

[Event "Kragero Resort Chess 2018"]
[Site "Kragerø Resort"]
[Date "2018.02.24"]
[Round "7"]
[White "Kaasen, Tor Fredrik"]
[Black "Sagafos, Magne"]
[Result "1-0"]
[WhiteElo "2335"]
[BlackElo "2384"]
[PlyCount "99"]
[EventDate "2018.??.??"]

1. d4 Nf6 2. c4 g6 3. Nc3 Bg7 4. e4 O-O 5. Be3 d6 6. h3 c6 7. Nf3 e5 8. d5 cxd5
9. cxd5 a6 10. a4 Nbd7 11. Be2 Nc5 12. Nd2 Qb6 13. Qc2 Bd7 14. O-O Rfc8 15. a5
Qb4 16. Rfc1 Na4 17. Nc4 Rxc4 18. Bxc4 Nxc3 19. Qxc3 Qxc3 20. Rxc3 Nxe4 21. Rb3
Bc8 22. Rb6 Bf8 23. Rd1 f5 24. f3 Nf6 25. Bf1 Kf7 26. Rb3 Be7 27. Rc3 Ne8 28.
Rdc1 Bd7 29. Rb3 Bc8 30. Bb6 Bg5 31. Rc2 Be7 32. Rb4 h5 33. Bc4 f4 34. Rc1 g5
35. Bb3 Nf6 36. Rbc4 Bf5 37. Rc7 g4 38. hxg4 hxg4 39. Rxb7 Bc8 40. Ra7 Rxa7 41.
Bxa7 Bb7 42. Rd1 g3 43. Bc4 Ke8 44. b4 Kd8 45. Kf1 Kc8 46. Rc1 Kd8 47. Bb6+ Ke8
48. b5 axb5 49. Bxb5+ Kf8 50. a6
1-0

[Event "Kragero Resort Chess 2018"]
[Site "Kragerø Resort"]
[Date "2018.02.24"]
[Round "7"]
[White "Kantane, Anna"]
[Black "Dolzhykova, Kateryna"]
[Result "1-0"]
[WhiteElo "2254"]
[BlackElo "2319"]
[PlyCount "63"]
[EventDate "2018.??.??"]

1. e4 c5 2. Nf3 d6 3. d4 cxd4 4. Nxd4 Nf6 5. Nc3 g6 6. Be3 Bg7 7. f3 Nc6 8. Qd2
O-O 9. O-O-O d5 10. Qe1 e5 11. Nxc6 bxc6 12. exd5 Nxd5 13. Bc4 Be6 14. Kb1 e4
15. Nxe4 Qb8 16. Bd4 Bxd4 17. Rxd4 Qe5 18. Qd2 Rab8 19. g4 c5 20. Nxc5 Rfc8 21.
Re1 Qf6 22. Ne4 Qg7 23. b3 Nc7 24. g5 Bxc4 25. Nf6+ Kh8 26. Rxc4 Ne6 27. Rxc8+
Rxc8 28. Qd7 Rf8 29. h4 a5 30. Qa7 Rd8 31. Qxa5 Qf8 32. Rxe6
1-0

[Event "Kragero Resort Chess 2018"]
[Site "Kragerø Resort"]
[Date "2018.02.24"]
[Round "7"]
[White "Risting, Eivind Olav"]
[Black "Unneland, Mathias"]
[Result "1-0"]
[WhiteElo "2308"]
[BlackElo "1860"]
[PlyCount "81"]
[EventDate "2018.??.??"]

1. d4 Nf6 2. c4 g6 3. Nc3 Bg7 4. Nf3 O-O 5. g3 d6 6. Bg2 c5 7. O-O Nbd7 8. e4
Nb6 9. b3 Bg4 10. Be3 cxd4 11. Bxd4 e6 12. h3 Bxf3 13. Bxf3 Qe7 14. Qd2 Rfd8
15. Bg2 Nfd7 16. Bxg7 Kxg7 17. Rfd1 Nc5 18. f4 a6 19. Rac1 Rac8 20. Qe3 Qc7 21.
Rd2 Ncd7 22. Rcd1 Nb8 23. g4 Nc6 24. Rf2 Nd7 25. Rfd2 Nf6 26. g5 Ng8 27. f5 h5
28. f6+ Nxf6 29. gxf6+ Kxf6 30. e5+ dxe5 31. Bxc6 Rxd2 32. Rxd2 Qxc6 33. Rf2+
Kg7 34. Qxe5+ Kg8 35. Ne4 Rd8 36. Kh2 Rd1 37. Nf6+ Kf8 38. Qb8+ Kg7 39. Qg8+
Kh6 40. Qf8+ Kg5 41. Nh7+
1-0

[Event "Kragero Resort Chess 2018"]
[Site "Kragerø Resort"]
[Date "2018.02.24"]
[Round "7"]
[White "Tryggestad, Andreas G"]
[Black "Hobber, Anders"]
[Result "1/2-1/2"]
[WhiteElo "2241"]
[BlackElo "2286"]
[PlyCount "36"]
[EventDate "2018.??.??"]

1. d4 e6 2. c4 b6 3. e4 Bb7 4. Bd3 Bb4+ 5. Bd2 Bxd2+ 6. Nxd2 f5 7. Qh5+ g6 8.
Qh3 Nc6 9. d5 Nb4 10. Bb1 Qf6 11. Qa3 a5 12. Ne2 Nh6 13. Qc3 Qxc3 14. Nxc3 fxe4
15. Bxe4 exd5 16. Nxd5 Bxd5 17. cxd5 O-O 18. O-O Rae8
1/2-1/2

[Event "Kragero Resort Chess 2018"]
[Site "Kragerø Resort"]
[Date "2018.02.24"]
[Round "7"]
[White "Nordquelle, Daniel"]
[Black "Vestby-Ellingsen, Mads"]
[Result "1/2-1/2"]
[WhiteElo "2220"]
[BlackElo "2160"]
[PlyCount "131"]
[EventDate "2018.??.??"]

1. e4 e5 2. Nf3 Nc6 3. Bc4 Bc5 4. O-O Nf6 5. d3 a6 6. Re1 Ba7 7. a3 d6 8. h3 h6
9. Nbd2 O-O 10. Nf1 Ne7 11. Ng3 Ng6 12. Ba2 Re8 13. Nh2 c6 14. Ng4 Nxg4 15.
hxg4 Qh4 16. Qf3 Bxg4 17. Qxf7+ Kh7 18. Be3 Re7 19. Qc4 Bxe3 20. Rxe3 Nf4 21.
Rae1 Bh3 22. Nf5 Bxf5 23. exf5 Qg5 24. g3 Nd5 25. Rf3 Rf8 26. Qe4 Nf6 27. Qb4
Qg4 28. Kg2 Qxb4 29. axb4 d5 30. c3 Rfe8 31. Rfe3 h5 32. f3 Kh6 33. Bb1 g6 34.
fxg6 Kxg6 35. d4+ e4 36. fxe4 dxe4 37. Rf3 Kg7 38. Rf4 e3 39. Re2 Ra8 40. Kf3
a5 41. b5 cxb5 42. Rf5 b4 43. c4 a4 44. Rxe3 Rxe3+ 45. Kxe3 a3 46. bxa3 Rxa3+
47. Bd3 Ng4+ 48. Kd2 Ra2+ 49. Kc1 Ra3 50. Rxh5 Rxd3 51. Rg5+ Kf6 52. Rxg4 Rc3+
53. Kb2 Rxc4 54. Kb3 b5 55. Rf4+ Kg5 56. d5 Rc3+ 57. Kxb4 Rxg3 58. Rd4 Kf6 59.
d6 Rg8 60. Kxb5 Ke6 61. d7 Ke7 62. Kc6 Kd8 63. Rd6 Rg2 64. Rd5 Rc2+ 65. Kd6 Rd2
66. Rxd2
1/2-1/2

[Event "Kragero Resort Chess 2018"]
[Site "Kragerø Resort"]
[Date "2018.02.24"]
[Round "7"]
[White "Fossan, Aleksander"]
[Black "Lindbøl, Aleksander"]
[Result "1-0"]
[WhiteElo "2004"]
[BlackElo "2218"]
[PlyCount "75"]
[EventDate "2018.??.??"]

1. e4 c6 2. d4 d5 3. exd5 cxd5 4. c4 Nf6 5. Nc3 e6 6. c5 Be7 7. Nf3 O-O 8. Bd3
b6 9. b4 Bb7 10. Bf4 Ne4 11. Qc2 Nc6 12. Rb1 a5 13. bxa5 Bf6 14. Rxb6 Nxa5 15.
O-O Rc8 16. Nxe4 dxe4 17. Bxe4 Qxb6 18. Bxh7+ Kh8 19. cxb6 Rxc2 20. Bxc2 Bxf3
21. gxf3 Bxd4 22. Rb1 e5 23. Bd2 Nc4 24. b7 Rb8 25. Be4 f5 26. Bxf5 g6 27. Be4
Nxd2 28. Rc1 Ba7 29. Rc7 Nxe4 30. fxe4 Rf8 31. Rc8 Kg7 32. Ra8 Bb8 33. a4 Bd6
34. a5 Rb8 35. a6 Kf6 36. h4 Ke7 37. a7 Rxb7 38. Rg8
1-0

[Event "Kragero Resort Chess 2018"]
[Site "Kragerø Resort"]
[Date "2018.02.24"]
[Round "7"]
[White "Vitenberg, Noam Aviv"]
[Black "Nielsen, Andre"]
[Result "0-1"]
[WhiteElo "1911"]
[BlackElo "2145"]
[PlyCount "32"]
[EventDate "2018.??.??"]

1. d4 Nf6 2. c4 e6 3. Nf3 b6 4. Nc3 Bb4 5. e3 Bb7 6. Bd3 O-O 7. O-O Bxc3 8.
bxc3 Ne4 9. Qc2 f5 10. Nd2 Qh4 11. Ba3 Nxd2 12. Qxd2 Bxg2 13. Bxf8 Bf3 14. Rfc1
Qh3 15. Bf1 Qg4+ 16. Bg2 Qxg2#
0-1

[Event "Kragero Resort Chess 2018"]
[Site "Kragerø Resort"]
[Date "2018.02.25"]
[Round "8"]
[White "Chatalbashev, Boris"]
[Black "Hammer, Jon Ludvig"]
[Result "1/2-1/2"]
[WhiteElo "2571"]
[BlackElo "2622"]
[PlyCount "37"]
[EventDate "2018.??.??"]

1. Nf3 d5 2. g3 g6 3. Bg2 Bg7 4. O-O e5 5. d3 Ne7 6. e4 O-O 7. exd5 Nxd5 8. Nc3
Nxc3 9. bxc3 Nc6 10. Rb1 Rb8 11. Re1 Bg4 12. h3 Be6 13. a4 b6 14. a5 Qd7 15.
axb6 Rxb6 16. Rxb6 cxb6 17. Ng5 Bd5 18. Ne4 f5 19. c4
1/2-1/2

[Event "Kragero Resort Chess 2018"]
[Site "Kragerø Resort"]
[Date "2018.02.25"]
[Round "8"]
[White "Kveinys, Aloyzas"]
[Black "Thorfinnsson, Bragi"]
[Result "1/2-1/2"]
[WhiteElo "2550"]
[BlackElo "2426"]
[PlyCount "85"]
[EventDate "2018.??.??"]

1. d4 d5 2. c4 c6 3. Nc3 Nf6 4. e3 g6 5. Nf3 Bg7 6. Bd3 O-O 7. O-O Bg4 8. h3
Bxf3 9. Qxf3 e6 10. Rd1 Nbd7 11. Qe2 Re8 12. Rb1 a6 13. b3 b5 14. Bd2 e5 15.
dxe5 dxc4 16. Bxg6 hxg6 17. exf6 Qxf6 18. bxc4 Nb6 19. cxb5 axb5 20. Be1 Qe6
21. Rdc1 Ra3 22. Qf3 Nc4 23. Rb3 Ne5 24. Qd1 Raa8 25. Qc2 Qc4 26. Ne2 Red8 27.
Bb4 Nd3 28. Qxc4 bxc4 29. Rxc4 Nxb4 30. Rbxb4 Rxa2 31. Nc3 Bxc3 32. Rxc3 Rd1+
33. Kh2 Rxf2 34. Rxc6 Rdd2 35. Rg4 Kg7 36. Rc7 Rde2 37. Rg3 Re1 38. Rc3 Ree2
39. h4 Rf5 40. Kh3 Rf1 41. Rc5 Rh1+ 42. Kg4 Rf2 43. Rc8
1/2-1/2

[Event "Kragero Resort Chess 2018"]
[Site "Kragerø Resort"]
[Date "2018.02.25"]
[Round "8"]
[White "Hillarp Persson, Tiger"]
[Black "Kantane, Anna"]
[Result "1-0"]
[WhiteElo "2543"]
[BlackElo "2254"]
[PlyCount "87"]
[EventDate "2018.??.??"]

1. c4 e5 2. g3 Nc6 3. Nc3 Bc5 4. Bg2 d6 5. e3 a6 6. Nf3 Ba7 7. O-O Nf6 8. d4
O-O 9. dxe5 dxe5 10. Qxd8 Rxd8 11. b3 h6 12. h3 Bf5 13. Ba3 e4 14. Nh2 h5 15.
Rfd1 Bb6 16. Nf1 Re8 17. Bb2 Ne5 18. Nd5 Nxd5 19. Rxd5 f6 20. Bxe5 fxe5 21.
Rdd1 Ba5 22. a3 Bc3 23. Ra2 c5 24. Rc2 Ba5 25. Rd5 b6 26. Nd2 Rad8 27. Nxe4
Rxd5 28. cxd5 Rd8 29. Rc1 Bxe4 30. Bxe4 Kf7 31. Rc4 Rd6 32. Bf3 g6 33. Kf1 Kf6
34. Ke2 Kf7 35. Bg2 Rd7 36. h4 Rd6 37. Ra4 Bc3 38. Rxa6 Ba5 39. Be4 Kf6 40. Ra7
Rd8 41. Rc7 Rd6 42. Rc8 Kf7 43. Rc7+ Kf6 44. f3
1-0

[Event "Kragero Resort Chess 2018"]
[Site "Kragerø Resort"]
[Date "2018.02.25"]
[Round "8"]
[White "Christiansen, Johan-Sebastian"]
[Black "Lie, Kjetil A."]
[Result "0-1"]
[WhiteElo "2498"]
[BlackElo "2523"]
[PlyCount "138"]
[EventDate "2018.??.??"]

1. Nf3 d6 2. d4 g6 3. g3 Bg7 4. Bg2 Nf6 5. c4 O-O 6. O-O Nbd7 7. Nc3 e5 8. b3
Re8 9. e4 exd4 10. Nxd4 Nc5 11. f3 a5 12. Be3 Bd7 13. Qd2 a4 14. b4 Ne6 15.
Rac1 Nxd4 16. Bxd4 c6 17. Rfd1 Be6 18. Bf1 Qe7 19. Kg2 a3 20. Be3 Red8 21. Bg5
Qf8 22. Be3 h6 23. Ne2 Kh7 24. Nf4 Qe7 25. Bb6 Rd7 26. Bd3 h5 27. Be3 Rdd8 28.
Bb6 Re8 29. Bb1 Bf8 30. Bd4 Nd7 31. c5 dxc5 32. bxc5 Bh6 33. Be3 Ne5 34. Nxe6
Bxe3 35. Qxe3 Qxe6 36. Rd6 Nc4 37. Qd3 Nxd6 38. cxd6 Red8 39. Rd1 b5 40. f4 b4
41. f5 Qe5 42. Bc2 Ra7 43. Bb3 Rad7 44. Qc4 Qf6 45. fxg6+ fxg6 46. Rf1 Qxd6 47.
Kh3 c5 48. Rf4 Rf8 49. e5 Qe7 50. e6 Rxf4 51. Qxf4 Rc7 52. Bc4 Qg7 53. Kg2 Re7
54. Qd6 Qb2+ 55. Kh3 Qf6 56. Kg2 Rf7 57. Qxc5 Qf3+ 58. Kg1 Qd1+ 59. Kg2 Qf3+
60. Kg1 Qf5 61. Qd4 Rc7 62. e7 Rxe7 63. Bd3 Qe5 64. Qd8 b3 65. Bc4 b2 66. Qg8+
Kh6 67. Qf8+ Qg7 68. Qf4+ Kh7 69. Bd3 b1=Q+
0-1

[Event "Kragero Resort Chess 2018"]
[Site "Kragerø Resort"]
[Date "2018.02.25"]
[Round "8"]
[White "Notkevich, Benjamin Arvola"]
[Black "Kantans, Toms"]
[Result "1/2-1/2"]
[WhiteElo "2446"]
[BlackElo "2487"]
[PlyCount "97"]
[EventDate "2018.??.??"]

1. d4 Nf6 2. c4 g6 3. Nc3 d5 4. cxd5 Nxd5 5. Bd2 Nb6 6. e3 Bg7 7. Nf3 O-O 8.
Rc1 c6 9. Be2 N8d7 10. e4 e5 11. Bg5 Bf6 12. Bxf6 Qxf6 13. d5 Rd8 14. a4 a5 15.
Qb3 Qd6 16. O-O cxd5 17. exd5 Nc5 18. Qa3 Bd7 19. Rfd1 Rac8 20. h3 Bxa4 21.
Nxa4 Nbxa4 22. Rc2 Nb6 23. Rdc1 Ne4 24. Rxc8 Rxc8 25. Rxc8+ Nxc8 26. Qxa5 Kg7
27. Qb5 Ne7 28. Qxb7 Nc5 29. Qa7 Nxd5 30. Bc4 Ne6 31. Qa5 Nec7 32. Ng5 h6 33.
Ne4 Qb4 34. Qxb4 Nxb4 35. Kf1 f5 36. Nc5 e4 37. Ke2 Kf6 38. f3 Ke5 39. fxe4
fxe4 40. Bf7 g5 41. Bg6 Kd4 42. Nxe4 Nd3 43. g3 Nd5 44. Nxg5 N3f4+ 45. gxf4
Nxf4+ 46. Kf3 hxg5 47. h4 Nxg6 48. hxg5 Kc4 49. Ke4
1/2-1/2

[Event "Kragero Resort Chess 2018"]
[Site "Kragerø Resort"]
[Date "2018.02.25"]
[Round "8"]
[White "Lie, Espen"]
[Black "Kaasen, Tor Fredrik"]
[Result "1-0"]
[WhiteElo "2473"]
[BlackElo "2335"]
[PlyCount "95"]
[EventDate "2018.??.??"]

1. Nf3 Nf6 2. g3 b6 3. Bg2 Bb7 4. O-O e6 5. c4 Be7 6. b3 O-O 7. Bb2 d5 8. e3 c5
9. Qe2 Nc6 10. Rd1 Qc7 11. Nc3 dxc4 12. bxc4 Rfd8 13. d3 Rd7 14. Nb5 Qb8 15.
Rab1 a6 16. Nc3 Qc7 17. Ba1 Rb8 18. d4 Na5 19. Ne5 Rdd8 20. Bxb7 Rxb7 21. Na4
Nc6 22. Nf3 cxd4 23. exd4 Na5 24. Ne5 Nd7 25. Nxd7 Rxd7 26. c5 b5 27. Nb6 Rd8
28. a4 bxa4 29. Qxa6 Ra7 30. Qb5 Nb3 31. Nxa4 Nxa1 32. Rxa1 Rda8 33. Ra2 Bf6
34. Nc3 Rxa2 35. Nxa2 Rd8 36. Nb4 g6 37. d5 Rb8 38. Qc4 Rc8 39. c6 Be7 40. dxe6
Bxb4 41. Rd7 Qb6 42. exf7+ Kf8 43. Qf4 Be7 44. Qh6+ Kxf7 45. Qxh7+ Kf6 46.
Qxe7+ Kf5 47. Rd5+ Kg4 48. Qe4+
1-0

[Event "Kragero Resort Chess 2018"]
[Site "Kragerø Resort"]
[Date "2018.02.25"]
[Round "8"]
[White "Vestby-Ellingsen, Mads"]
[Black "Genocchio, Daniele"]
[Result "1/2-1/2"]
[WhiteElo "2160"]
[BlackElo "2385"]
[PlyCount "86"]
[EventDate "2018.??.??"]

1. d4 d6 2. e4 Nf6 3. Nc3 e5 4. Nf3 Nbd7 5. Bc4 Be7 6. O-O exd4 7. Qxd4 O-O 8.
h3 Nb6 9. Bb3 a5 10. a3 Nfd7 11. Be3 Nc5 12. Ba2 Be6 13. Nd5 Nxd5 14. Bxd5 Bf6
15. Qc4 Bxb2 16. Ra2 Bxd5 17. exd5 Bf6 18. Bxc5 dxc5 19. Qxc5 a4 20. c4 Re8 21.
Qb4 b6 22. Qd2 Re4 23. Qc2 Rf4 24. Qd3 Qe7 25. Re2 Qc5 26. Rc1 g6 27. g3 Rf5
28. Rce1 b5 29. Re4 bxc4 30. Rxc4 Qxd5 31. Qxd5 Rxd5 32. Rxc7 Rd3 33. Ne5 Rxa3
34. Nxf7 Ra1 35. Nh6+ Kh8 36. Nf7+ Kg8 37. Nh6+ Kh8 38. Nf7+ Kg7 39. Nd8+ Kh6
40. Nf7+ Kg7 41. Nd8+ Kh6 42. Nf7+ Kg7 43. Nd8+ Kg8
1/2-1/2

[Event "Kragero Resort Chess 2018"]
[Site "Kragerø Resort"]
[Date "2018.02.25"]
[Round "8"]
[White "Sagafos, Magne"]
[Black "Tryggestad, Andreas G"]
[Result "1/2-1/2"]
[WhiteElo "2384"]
[BlackElo "2241"]
[PlyCount "117"]
[EventDate "2018.??.??"]

1. e4 c5 2. Nf3 e6 3. Nc3 Nc6 4. Bb5 Nd4 5. O-O a6 6. Bd3 Nxf3+ 7. Qxf3 b5 8.
b3 Bb7 9. Qg3 Nf6 10. Re1 Nh5 11. Qe3 Be7 12. Be2 Nf6 13. Bf3 d5 14. exd5 Nxd5
15. Bxd5 Bxd5 16. Qe5 Bb7 17. Bb2 Bf6 18. Qxc5 Qxd2 19. Ne4 Bxe4 20. Bxf6 gxf6
21. Rxe4 Rd8 22. Qc6+ Qd7 23. Qxa6 Qd5 24. Rae1 f5 25. R4e3 O-O 26. a4 b4 27.
Qe2 Kh8 28. Rd3 Qc5 29. h4 Rc8 30. Rd2 Kg8 31. Qh5 Qc3 32. Re3 Qa1+ 33. Kh2 Kh8
34. Qh6 Rg8 35. h5 Rg7 36. g3 Rcg8 37. Red3 f4 38. Qxf4 Rg4 39. Rd1 Rxf4 40.
Rxa1 Rxf2+ 41. Kh3 Rxc2 42. Rf1 f5 43. Rf4 Rg5 44. h6 Kg8 45. Rxb4 Kf7 46. Rh4
e5 47. Rd7+ Ke6 48. Rg7 Kf6 49. Rxg5 Kxg5 50. a5 e4 51. a6 Ra2 52. g4 f4 53.
Rh5+ Kg6 54. Rf5 Rxa6 55. Rxf4 Ra3 56. Kh4 Rxb3 57. g5 Rf3 58. Rxe4 Rf4+ 59.
Rxf4
1/2-1/2

[Event "Kragero Resort Chess 2018"]
[Site "Kragerø Resort"]
[Date "2018.02.25"]
[Round "8"]
[White "Pantzar, Milton"]
[Black "Haug, Johannes"]
[Result "1/2-1/2"]
[WhiteElo "2260"]
[BlackElo "2355"]
[Annotator "TrulsJÃ¸rgensen"]
[PlyCount "89"]
[EventDate "2018.??.??"]

1. d4 Nf6 2. c4 e6 3. Nc3 Bb4 4. Bd2 O-O 5. a3 Bxc3 6. Bxc3 Ne4 7. Rc1 b6 8.
Nf3 d6 9. e3 Nd7 10. Bd3 Bb7 11. O-O f5 12. Be1 Ng5 13. Nd2 Qf6 14. f3 e5 15.
c5 dxc5 16. dxc5 Kh8 17. cxb6 cxb6 18. b4 Rfd8 19. Qb3 Nf8 20. Qb1 f4 21. Ne4
Bxe4 22. Bxe4 Rac8 23. exf4 exf4 24. Bf2 Rxc1 25. Rxc1 Nxe4 26. Qxe4 Qb2 27.
Re1 Qxa3 28. Bd4 Rd7 29. Qxf4 Kg8 30. Ba1 Qa2 31. h3 a5 32. bxa5 bxa5 33. Kh2
a4 34. Re8 Rf7 35. Qd4 Rf6 36. Re7 Rf7 37. Re8 Rf6 38. Ra8 a3 39. Qc3 Rg6 40.
Rxf8+ Kxf8 41. Qc8+ Ke7 42. Qc7+ Ke8 43. Qc8+ Ke7 44. Qc7+ Ke6 45. Qc6+ {Ke5}
1/2-1/2

[Event "Kragero Resort Chess 2018"]
[Site "Kragerø Resort"]
[Date "2018.02.25"]
[Round "8"]
[White "Dolzhykova, Kateryna"]
[Black "Nordquelle, Daniel"]
[Result "1/2-1/2"]
[WhiteElo "2319"]
[BlackElo "2220"]
[PlyCount "26"]
[EventDate "2018.??.??"]

1. e4 e6 2. d4 d5 3. exd5 exd5 4. Nf3 Nf6 5. Bg5 Be7 6. Bd3 O-O 7. O-O Bg4 8.
Nbd2 Nbd7 9. c3 c6 10. Qc2 h6 11. Bh4 Qc7 12. Rae1 Rae8 13. h3 Be6
1/2-1/2

[Event "Kragero Resort Chess 2018"]
[Site "Kragerø Resort"]
[Date "2018.02.25"]
[Round "8"]
[White "Lindbøl, Aleksander"]
[Black "Rishovd, Svein"]
[Result "0-1"]
[WhiteElo "2218"]
[BlackElo "2126"]
[PlyCount "126"]
[EventDate "2018.??.??"]

1. c4 e5 2. g3 c6 3. d4 e4 4. Nc3 d5 5. Bg2 Bb4 6. Qb3 Ba5 7. Nh3 h6 8. O-O Nf6
9. Nf4 g5 10. Nh3 dxc4 11. Qc2 Bf5 12. f3 Qxd4+ 13. Nf2 Nbd7 14. fxe4 Be6 15.
e3 Qe5 16. Ne2 O-O-O 17. Nd4 h5 18. b4 Bxb4 19. Bb2 Qc7 20. Nxe6 fxe6 21. Qxc4
h4 22. g4 Bd6 23. e5 Bxe5 24. Bxe5 Nxe5 25. Qxe6+ Ned7 26. Ne4 Nxe4 27. Qxe4
Qe5 28. Qd4 Qxd4 29. exd4 Rhf8 30. d5 c5 31. Rae1 Rxf1+ 32. Kxf1 Rf8+ 33. Kg1
Kd8 34. Re3 Rf4 35. h3 b6 36. Bf3 Rf7 37. Kf2 Re7 38. Ra3 a5 39. Rb3 Kc7 40. a4
Re5 41. Bg2 Kd6 42. Bh1 c4 43. Rc3 Kc5 44. Rc1 Nf6 45. d6 Re6 46. Rb1 Rxd6 47.
Ke3 Rd3+ 48. Ke2 Rxh3 49. Bf3 Rh2+ 50. Ke3 Nd5+ 51. Bxd5 Kxd5 52. Rb5+ Kc6 53.
Rxg5 Ra2 54. Rg6+ Kb7 55. Rh6 h3 56. g5 Rxa4 57. g6 c3 58. Rxh3 Rg4 59. Rh7+
Ka6 60. g7 Rg3+ 61. Ke2 a4 62. Kd1 Rg2 63. Kc1 b5
0-1

[Event "Kragero Resort Chess 2018"]
[Site "Kragerø Resort"]
[Date "2018.02.25"]
[Round "8"]
[White "Fossan, Andreas"]
[Black "Dahl, Trygve"]
[Result "1-0"]
[WhiteElo "1997"]
[BlackElo "2217"]
[PlyCount "55"]
[EventDate "2018.??.??"]

1. d4 Nf6 2. c4 g6 3. Nc3 Bg7 4. e4 d6 5. Bd3 O-O 6. Nge2 e5 7. d5 Nh5 8. O-O
a5 9. Be3 Na6 10. Rc1 f5 11. exf5 gxf5 12. f4 Nf6 13. h3 e4 14. Bb1 c5 15. Qd2
Bd7 16. a4 Nb4 17. Ng3 Kh8 18. b3 Rg8 19. Bf2 Bh6 20. Nd1 Qe8 21. Be1 Nh5 22.
Nxh5 Qxh5 23. Qb2+ Bg7 24. Bc3 Qxh3 25. Bxg7+ Rxg7 26. Qxg7+ Kxg7 27. gxh3 Kf6
28. Ne3
1-0